000 00739nam a22002177a 4500
003 0
005 20231023121720.0
008 231023b xxu||||| |||| 00| 0 eng d
020 _a978-1-264-89299-4
050 _aHG 2040.5
_b.B78 2022
100 _aBrueggeman, William
245 _aReal estate finance & investments
_cWilliam Brueggeman
250 _aSeventeenth edition
260 _aNew York
_bMcGrawHill, LLC
_cc2022.
300 _axviii, 814 pages :
_bcolored illustrations ;
_c26 cm.
500 _aMortage loans -- United States.
504 _aIncludes bibliographical references, index, and glossary.
650 _aMortage loans -- United States.
650 _aReal property--United States--Finance.
942 _2lcc
_cBK
999 _c365542
_d365542